Qualitat de l'aigua de consum en els municipis : aplicació de la directiva europea=Calidad del agua de consumo en los municipios : aplicación de la directiva europea aplicació de la directiva europea=Calidad del agua de consumo en los municipios :
MARC
| LEADER | 00000nam a2200000Ia 4500 | ||
|---|---|---|---|
| 001 | 24519 | ||
| 008 | 160829s1999 xx 000 0 cat d | ||
| 080 | |a FU-67-15 | ||
| 100 | |a Qualitat de l'aigua de consum en els municipis (1999 : Barcelona) |9 50343 | ||
| 245 | |a Qualitat de l'aigua de consum en els municipis : |b aplicació de la directiva europea=Calidad del agua de consumo en los municipios : |b aplicación de la directiva europea | ||
| 260 | |a Barcelona : |b Diputació de Barcelona. Àrea de Salut Pública i Consum, |c 1999 | ||
| 300 | |a 1 f. plegat en 4 parts ; |c 21 cm | ||
| 590 | |a Text bilingüe (català i castellà). | ||
| 590 | |a Col·laboren: Consorci Universitat Internacional Menéndez Pelayo, Diputació de Barcelona, Ajuntament de Barcelona i Centre de Cultura Contemporània de Barcelona | ||
| 650 | |a Aigua |x Qualitat -- Barcelona (Província) |9 50344 | ||
| 700 | |a Consorci Universitat Internacional Menéndez Pelayo de Barcelona-Centre Ernest Lluch |9 50345 | ||
| 710 | 1 | |a Barcelona (Catalunya). |b Ajuntament |9 50981 | |
| 710 | 2 | |a Centre de Cultura Contemporània de Barcelona |9 52510 | |
| 710 | 1 | |a Barcelona (Catalunya : Província). |b Diputació |9 52408 | |
| 901 | |a Arxiu | ||
| 942 | |n 1 | ||
| 952 | |0 0 |1 0 |4 0 |6 FU6715 |7 1 |9 55978 |a Arxiu |b Arxiu |d 2016-12-01 |l 0 |o FU-67-15 |p 24519 |r 2016-12-01 00:00:00 |w 2016-12-01 |y ARXIU | ||
| 999 | |c 59851 |d 59851 | ||